Demografie Revue pro výzkum populačního vývoje

Enregistré dans:
Détails bibliographiques
Format: Publication en série
Langue:tchèque
Publié: Praha Fed. stat. úřad 1989
Tags: Ajouter un tag
Pas de tags, Soyez le premier à ajouter un tag!

MARC

LEADER 00000nas2a2200000 4500
001 s025822
005 20250730114134.7
041 0 |a cze 
044 |a CZ 
245 1 0 |a Demografie  |b Revue pro výzkum populačního vývoje 
264 1 |a Praha  |b Fed. stat. úřad  |c 1989 
300 |a 1 zv. 
773 0 |w eu_un_cat*s120010